Informačný systém pre evidenciu projektov a publikačnej činnosti

Guardado en:
Detalles Bibliográficos
Autor principal: Majchrák, Metod, 1988- (Autor)
Otros Autores: Budinská, Ivana, 1964- (Orientador)
Formato: Manuscrito Libro
Lenguaje:eslovaco
Publicado: Bratislava : STU v Bratislave FIIT, 2010
Materias:
Acceso en línea:VAIS
Etiquetas: Agregar Etiqueta
Sin Etiquetas, Sea el primero en etiquetar este registro!

MARC

LEADER 00000ntm a22000003a 4500
001 stu218364
005 20150617230114.5
008 101203s2010----xo------------------slo-d
040 |a STU  |b slo 
041 0 |a slo 
044 |a xo 
100 1 |a Majchrák, Metod,  |d 1988-  |4 aut  |u I200  |U FIIT Fakulta informatiky a informačných technológií  |T FIIT Ústav informatiky a softvérového inžinierstva  |X 47863  |U I200  |Y 179  |7 A000047863 
242 0 0 |a Information system for evidence of projects and publications  |y eng 
245 1 |a Informačný systém pre evidenciu projektov a publikačnej činnosti 
260 |a Bratislava :  |b STU v Bratislave FIIT,  |c 2010 
650 7 |a informatika  |2 stusub 
650 7 |a Informatics  |2 estusub 
650 7 |a web application  |2 estusub 
650 7 |a informácia  |2 stusub 
650 7 |a information system  |2 estusub 
700 1 |a Budinská, Ivana,  |d 1964-  |4 ths  |u I200  |U FIIT Fakulta informatiky a informačných technológií  |T FIIT Ústav informatiky a softvérového inžinierstva  |X 38258  |U I200  |Y 179  |7 A000038258 
856 4 |a info a plný text  |u http://is.stuba.sk/zp/portal_zp.pl?podrobnosti=46521  |3 VAIS 
996 |c I*BAP94/10  |l II680  |s P  |a 0  |w stu218364_0001